Online
Catalog

Género. (Record no. 46931)

MARC details
000 -CABECERA
campo de control de longitud fija 00521nam a2200169 a 4500
001 - NÚMERO DE CONTROL
campo de control 000047443
005 - FECHA Y HORA DE LA ÚLTIMA TRANSACCIÓN
campo de control 20201002060537.0
008 - DATOS DE LONGITUD FIJA--INFORMACIÓN GENERAL
campo de control de longitud fija 180529s2016 dr 000 spa d
020 ## - NÚMERO INTERNACIONAL ESTÁNDAR DEL LIBRO
Número Internacional Estándar del Libro 9789945585223
040 ## - FUENTE DE LA CATALOGACIÓN
Centro catalogador/agencia de origen DO-SdBNP
Lengua de catalogación spa
Centro/agencia transcriptor BNPHU
082 ## - NÚMERO DE LA CLASIFICACIÓN DECIMAL DEWEY
Número de clasificación xxx
Número de documento/Ítem G377
110 1# - ENTRADA PRINCIPAL--NOMBRE DE ENTIDAD CORPORATIVA
Nombre de entidad corporativa o nombre de jurisdicción como elemento de entrada República Dominicana.
Unidad subordinada Poder Judicial
Sede del congreso/Lugar de la reunión Dirección de Familia, Niñez, Adolescencia y Género.
9 (RLIN) 75076
245 #0 - MENCIÓN DE TÍTULO
Título Género.
260 ## - PUBLICACIÓN, DISTRIBUCIÓN, ETC.
Lugar de publicación, distribución, etc. Santo Domingo :
Nombre del editor, distribuidor, etc. Poder Judicial,
Fecha de publicación, distribución, etc. 2016.
300 ## - DESCRIPCIÓN FÍSICA
Extensión 70 p. ;
Dimensiones 28 cm.
590 ## - NOTA LOCAL (RLIN)
Nota local Inventariado, 2018/DG
Holdings
Estado de retiro Estado de pérdida No para préstamo Código de colección Localización permanente Ubicación/localización actual Ubicación en estantería Fecha de adquisición Número de inventario Total de préstamos Signatura topográfica completa Código de barras Fecha visto por última vez Precio válido a partir de Tipo de ítem Koha
    Excluido de préstamo Patrimonio Dominicano General General Depósito 29.05.2018 LF1   xxx G377 47443-30 25.06.2020 25.06.2020 Libro y Folleto Colección Patrimonio Dominicano
    Excluido de préstamo Patrimonio Dominicano Patrimonio Dominicano Patrimonio Dominicano Depósito 29.05.2018 LF1   xxx G377 47443-10 25.06.2020 25.06.2020 Libro y Folleto Colección Patrimonio Dominicano
    Excluido de préstamo Patrimonio Dominicano Patrimonio Dominicano Patrimonio Dominicano Depósito 29.05.2018 LF1   xxx G377 47443-20 25.06.2020 25.06.2020 Libro y Folleto Colección Patrimonio Dominicano

Powered by Koha